LIBRARY & INFORMATION CENTRE, KCAET, TAVANUR

ONLINE PUBLIC ACCESS CATALOGUE (OPAC)

Introduction to monetory theory / (Record no. 2176)

MARC details
000 -LEADER
fixed length control field 00454cam a2200181ua 4500
041 ## - LANGUAGE CODE
Language code of text/sound track or separate title eng
082 ## - DEWEY DECIMAL CLASSIFICATION NUMBER
Classification number 332.401
Item number CHA/IN
100 ## - MAIN ENTRY--AUTHOR NAME
Personal name Chandler, Lester.V .
245 ## - TITLE STATEMENT
Title Introduction to monetory theory /
250 ## - EDITION STATEMENT
Edition statement 1 /
260 ## - PUBLICATION, DISTRIBUTION, ETC. (IMPRINT)
Place of publication Allahabad :
Name of publisher Central book depot ,
Year of publication 1971.
300 ## - PHYSICAL DESCRIPTION
Number of Pages 214 ; .
500 ## - GENERAL NOTE
General note Annex
942 ## - ADDED ENTRY ELEMENTS (KOHA)
Koha item type Books
Holdings
Withdrawn status Lost status Damaged status Home library Current library Date acquired Full call number Accession Number Koha item type Public note
Withdrawn     KAUAET Sanskrit University 07/04/2012 332.401 8044 Books Transferred to Sanskrit University
Withdrawn     KAUAET Sanskrit University 07/04/2012 332.401 8043 Books Transferred to Sanskrit University
free website counter